[Event "Catalunya-ch"]
[Site "Barcelona"]
[Date "1995.??.??"]
[Round "3"]
[White "Jerez Perez, Alfonso"]
[Black "Baron Isanta, Jose Maria"]
[Result "1-0"]
[WhiteElo "2350"]
[BlackElo "2295"]

1.d4 Nf6 2.Nf3 d5 3.c4 c6 4.Nc3 a6 5.c5 Ne4 6.Bf4 f6 7.e3 g5 8.Bg3 Bf5 9.Nxe4 Bxe4
10.Nd2 Bg6 11.h4 gxh4 12.Rxh4 Nd7 13.Qb3 Qc8 14.Bd3 f5 15.Nf3 Bg7 16.Qc2 O-O
17.Rh1 e6 18.Bf4 Re8 19.g4 Nf6 20.gxf5 Bxf5 21.Bxf5 exf5 22.O-O-O Ng4 23.Rdg1 Re7
24.Nh4  1-0

[Event "Lee Cup"]
[Site "Beijing"]
[Date "1995.??.??"]
[Round "9"]
[White "Wang Yaoyao"]
[Black "Lin Weiguo"]
[Result "0-1"]
[WhiteElo "2445"]
[BlackElo "2460"]

1.d4 Nf6 2.c4 c6 3.Nf3 d5 4.Nc3 a6 5.c5 Nbd7 6.Bf4 g6 7.e3 Bg7 8.h3 O-O 9.Be2 b6
10.b4 bxc5 11.bxc5 Qa5 12.Qd2 Nh5 13.Bh2 Nxc5 14.g4 Nb3 15.Qb2 Nxa1 16.gxh5 Bxh3
17.Ne5 Rfc8 18.hxg6 hxg6 19.Kd2 c5 20.Rxa1 cxd4 21.exd4 Rab8 22.Qc2 Rxc3  0-1

[Event "Belgrade Trako"]
[Site "Belgrade"]
[Date "1995.??.??"]
[Round "1"]
[White "Stamenkovic, Zoran"]
[Black "Simic, Radoslav"]
[Result "1/2-1/2"]
[WhiteElo "2415"]
[BlackElo "2485"]

1.d4 d5 2.c4 c6 3.Nf3 Nf6 4.Nc3 a6 5.c5 g6 6.Bf4 Nbd7 7.h3 Bg7 8.e3 O-O 9.Be2 b6
10.cxb6 Qxb6 11.b3 Ne4 12.Nxe4 dxe4 13.Nd2 c5 14.dxc5 Nxc5 15.Rc1 e5 16.Bg5 f6
17.Nc4 Qb4+ 18.Qd2 Qxd2+ 19.Nxd2 Nd3+ 20.Bxd3 exd3 21.Bh4 g5 22.Bg3 f5 23.f3 Be6
24.Nc4 Rad8 25.Kd2 e4 26.Bc7 Rd7 27.Be5 Rd5 28.Bxg7 Kxg7 29.Nb6 Ra5 30.Na4 Bd7
31.Rc5 Rb5 32.Rc7 Rf7 33.Nc5 Be8 34.Rxf7+ Bxf7 35.Rc1 exf3 36.gxf3 Bh5 37.f4 gxf4
38.Ne6+ Kh6 39.Nxf4 Ra5 40.a4 Bf7 41.Rc6+ Kg5 42.Rb6 Kh4 43.Kxd3 Re5 44.b4 Kg3
45.Rxa6 Kf3 46.Kd2 Rxe3 47.Nd3 Bc4 48.Rd6 f4 49.Ne1+ Kg3 50.Nc2 Re8 51.b5 f3
52.Ne3 f2 53.Rf6 Rd8+ 54.Kc2 Be2 55.b6 Ba6 56.a5 h5 57.h4 Re8 58.Kd2 Re5
59.Nf5+ Kh2 60.Ne3 Kg1 61.Rg6+ Kh1 62.Rf6  1/2-1/2

[Event "Berga op"]
[Site "Berga"]
[Date "1995.??.??"]
[Round "7"]
[White "Pogorelov, Ruslan"]
[Black "Perez, Juli"]
[Result "1-0"]
[WhiteElo "2445"]
[BlackElo "2285"]

1.Nf3 Nf6 2.c4 c6 3.Nc3 d5 4.d4 a6 5.e3 b5 6.b3 Bg4 7.Qc2 Bxf3 8.gxf3 e6
9.Bd3 g6 10.f4 Nbd7 11.c5 Ng4 12.Ne2 a5 13.a4 b4 14.f3 Qh4+ 15.Ng3 Nh6 16.Qf2 Bg7
17.Bb2 f5 18.O-O-O O-O-O 19.Kb1 Rhf8 20.Qg2 Ng8 21.Ne2 Ngf6 22.Nc1 Nh5 23.Be2 Qe7
24.Nd3 Bh6 25.Bc1 Kb7 26.Bd2 Bg7 27.Be1 Bf6 28.Bg3 Rde8 29.Rhe1 Qd8 30.Bf1 Re7
31.Qe2 Qa8 32.Ne5 Bxe5 33.fxe5 Ref7 34.Bh4 Kc7 35.Bg5 Qb7 36.f4 Ra8 37.Bg2 Ng7
38.Bh6 Rg8 39.Bf3 Qc8 40.Rg1 Nb8 41.Rg5 Nd7 42.Rdg1 Re8 43.Kc2 Nf8 44.Kd2 Ree7
45.h4 Kb7 46.R1g3 Qd7 47.h5 Nxh5 48.Bxh5 gxh5 49.Bxf8 Rxf8 50.Qxh5 Rff7 51.Qh6 Ka7
52.Ke1 Kb7 53.Kf2 Ka7 54.Rg8 Kb7 55.Rf8 Rg7 56.Rxg7 Rxg7 57.Rf6 Rg6 58.Rxg6 hxg6
59.Qxg6 Kc7 60.Kg3 Qe7 61.Qf6 Kd7 62.Qxe7+ Kxe7 63.Kh4 Kf7 64.Kh5  1-0

[Event "Berliner Sommer"]
[Site "Berlin"]
[Date "1995.??.??"]
[Round "5"]
[White "Lerner, Konstantin Z"]
[Black "Gaertner, Guntram"]
[Result "1-0"]
[WhiteElo "2605"]
[BlackElo "2285"]

1.d4 d5 2.c4 c6 3.Nf3 Nf6 4.Nc3 a6 5.c5 g6 6.Bf4 Bg7 7.h3 O-O 8.e3 Bf5 9.Be2 Nbd7
10.Qb3 Qc8 11.Ne5 Nxe5 12.Bxe5 Nd7 13.Bxg7 Kxg7 14.g4 Be6 15.Qc2 f6 16.h4 Qc7
17.f4 b6 18.cxb6 Qxb6 19.O-O Qc7 20.Bf3 Qd6 21.Rac1 Rae8 22.Na4 Nb8 23.Nc5 Bc8
24.g5 e5 25.fxe5 fxe5 26.Qh2 Qe7 27.Qxe5+ Qxe5 28.dxe5 Rxe5 29.Rc3 Nd7 30.Bg2 Rfe8
31.Rf3 h6 32.gxh6+ Kxh6 33.Nb3 Nb8 34.Nd4 Bg4 35.Rf4 Kh5 36.Kf2 a5 37.Nb3 g5
38.hxg5 Kxg5 39.Ra4 Bd1 40.Rxa5 Rf5+ 41.Ke1 Bxb3 42.Rxb3 d4 43.Rxf5+ Kxf5
44.Kd2 dxe3+ 45.Ke2 Ke6 46.Rd3 Ke7 47.Kxe3 Rd8 48.Rb3 Kd6 49.Rb7 Na6 50.Rg7 Kc5
51.Rg5+ Kb6 52.a3 Rd6 53.Be4 Nc7 54.Rh5 Na6 55.Bd3 Nc5 56.Bc2 Na6 57.Bd3 Nc5
58.Bc4 Nb7 59.Rh4 c5 60.Rh5 Na5  1-0

[Event "Bern op"]
[Site "Bern"]
[Date "1995.??.??"]
[Round "3"]
[White "Bellon Lopez, Juan Manuel"]
[Black "Hodgson, Julian M"]
[Result "0-1"]
[WhiteElo "2480"]
[BlackElo "2580"]

1.d4 d5 2.c4 c6 3.Nc3 Nf6 4.Nf3 a6 5.g3 b5 6.c5 g6 7.Bg2 Bg7 8.O-O O-O 9.Ne5 Ng4
10.f4 Nf6 11.e3 Bf5 12.g4 Be4 13.g5 Bxg2 14.gxf6 exf6 15.Nxc6 Nxc6 16.Kxg2 Qd7
17.b4 Nxb4 18.Qb3 Nd3 19.Bd2 Qg4+ 20.Kh1 Rad8 21.Nxd5 Nxc5 22.dxc5 Qe6 23.Ba5 Qe4+
24.Kg1 Rxd5 25.Rad1 Rxc5 26.Rd4 Qf5 27.e4 Qc8 28.f5 Rc4 29.Rxc4 bxc4 30.Qb6 Re8  0-1

[Event "Biel Credis op"]
[Site "Biel"]
[Date "1995.??.??"]
[Round "8"]
[White "Hochstrasser, Michael"]
[Black "Dobosz, Henryk"]
[Result "0-1"]
[WhiteElo "2255"]
[BlackElo "2420"]

1.d4 d5 2.c4 c6 3.Nf3 Nf6 4.Nc3 a6 5.Bg5 b5 6.cxd5 cxd5 7.Qb3 e6 8.e3 Nc6
9.Bd3 Be7 10.O-O Bb7 11.Nd2 h6 12.Bh4 O-O 13.f4 Na5 14.Qd1 Nc4 15.Nxc4 dxc4
16.Bc2 Nd5 17.Bxe7 Qxe7 18.Qe2 f5 19.Rae1 Qd6 20.Nxd5 Bxd5 21.Qh5 Qb4 22.Re2 Qxb2
23.Rfe1 Qb4 24.Kf2 Qe7 25.g4 Qf7 26.Qh3 Be4 27.Bxe4 fxe4 28.Rg1 Qf6 29.Qg2 e5
30.f5 exd4 31.Qxe4 d3 32.Ree1 Rae8 33.Qf3 Qb2+ 34.Kg3 Qe5+ 35.Kg2 d2 36.Re2 c3
37.h4 Rd8 38.Rf2 c2  0-1

[Event "Bled op"]
[Site "Bled"]
[Date "1995.??.??"]
[Round "1"]
[White "Gostisa, Leon"]
[Black "Simic, Dragan"]
[Result "1/2-1/2"]
[WhiteElo "2420"]
[BlackElo "2245"]

1.d4 d5 2.Nf3 Nf6 3.c4 c6 4.Nc3 a6 5.a4 g6 6.e3 Bg7 7.Qb3 O-O 8.Bd2 e6 9.Bd3 Nbd7
10.O-O Nb6 11.cxd5 exd5 12.a5 Nbd7 13.h3 Re8 14.Qc2 Nf8 15.Ne5 N6d7 16.Nxd7 Nxd7
17.Na4 Bf8 18.Rad1 Qh4 19.Rfe1 Bd6 20.Bf1 Nf6 21.Re2 Qh5 22.Be1 Ne4 23.Nc5 Re7
24.Nxe4 Rxe4 25.Qb3 Bxh3 26.gxh3 Rg4+ 27.Bg2 Rxg2+ 28.Kxg2 Qxe2 29.Qxb7 Rb8
30.Qxc6 Qxd1 31.Qxd6 Re8 32.Bc3 Qd3 33.Qxd5 Qe4+ 34.Qxe4 Rxe4 35.Kf3 f5 36.Bb4 Kf7
37.Bd6 Re8 38.Ke2 Ke6 39.Bc5 Rb8 40.Bb6 Rc8 41.Bc5 Rb8 42.b4 g5 43.f3 h5
44.e4 g4 45.exf5+ Kxf5 46.hxg4+ hxg4 47.fxg4+ Kxg4 48.Kd3 Kf5 49.Bb6 Ke6
50.Ke4 Rh8 51.d5+ Kd7 52.Bc5  1/2-1/2

[Event "Bled op"]
[Site "Bled"]
[Date "1995.??.??"]
[Round "2"]
[White "Soln, Primoz"]
[Black "Waller, Helmut"]
[Result "1-0"]
[WhiteElo "2270"]
[BlackElo "2210"]

1.d4 d5 2.c4 c6 3.Nc3 Nf6 4.Nf3 a6 5.a4 Bf5 6.Qb3 Qc8 7.cxd5 cxd5 8.Nxd5 Nxd5
9.Qxd5 e6 10.Qb3 Nc6 11.Bd2 Bd6 12.e3 O-O 13.Bd3 Bxd3 14.Qxd3 Nb4 15.Bxb4 Bxb4+
16.Ke2 Qd7 17.Qb3 Qe7 18.Rhc1 Rfc8 19.Rc4 a5 20.Rac1 Qe8 21.Ne5 Rxc4 22.Nxc4 Qc6
23.f3 b5 24.axb5 Qxb5 25.Qd3 Qh5 26.Qe4 Rf8 27.Qe5 Qg6 28.g4 f5 29.h3 fxg4
30.hxg4 Qf7 31.Qe4 Qd7 32.Ne5 Qe7 33.Nd3 Bd6 34.Rc6 Re8 35.Ra6 Bb4 36.Qc6 Kf8
37.Ra8 Rxa8 38.Qxa8+ Kf7 39.Ne5+ Kf6 40.f4 Qc7 41.Kf3 Qc2 42.g5+  1-0

[Event "Bled op"]
[Site "Bled"]
[Date "1995.??.??"]
[Round "5"]
[White "Waller, Helmut"]
[Black "Simic, Dragan"]
[Result "0-1"]
[WhiteElo "2210"]
[BlackElo "2245"]

1.d4 d5 2.Nf3 Nf6 3.c4 c6 4.Nc3 a6 5.c5 g6 6.Bf4 Nh5 7.Bg5 Bg7 8.e3 Nd7 9.Be2 Qc7
10.g4 Nhf6 11.Bf4 Qd8 12.Ne5 h5 13.g5 Nh7 14.Nxd7 Bxd7 15.Qb3 Bc8 16.h4 Nf8
17.O-O-O Nd7 18.Bg3 O-O 19.Kb1 b6 20.cxb6 Qxb6 21.Qxb6 Nxb6 22.Rc1 Bf5+ 23.Ka1 Rfc8
24.f3 c5 25.dxc5 Rxc5 26.Rhd1 Be6 27.Bf2 Rc6 28.e4 dxe4 29.Nxe4 Rxc1+ 30.Rxc1 Na4
31.Nc3 Nxc3 32.bxc3 Rc8 33.Be1 a5 34.Bd3 Be5 35.Be4 a4 36.Kb2 Rb8+ 37.Ka3 Bd6+
38.Kxa4 Bd7+ 39.Ka5 Bc7+ 40.Ka6 Bc8+ 41.Ka7 Rb5 42.c4 Rb6  0-1

[Event "RUS-chT"]
[Site "Briansk"]
[Date "1995.??.??"]
[Round "6"]
[White "Notkin, Maksim"]
[Black "Chuprikov, Dmitry"]
[Result "1-0"]
[WhiteElo "2485"]
[BlackElo "2365"]

1.d4 d5 2.c4 c6 3.Nc3 Nf6 4.Nf3 a6 5.e3 b5 6.b3 Bg4 7.Be2 e6 8.O-O Be7 9.h3 Bh5
10.Ne5 Bxe2 11.Qxe2 O-O 12.Rd1 Nfd7 13.Nxd7 Nxd7 14.e4 dxe4 15.Nxe4 Nf6 16.Ng5 bxc4
17.bxc4 Rb8 18.Nf3 h6 19.Ne5 Qb6 20.Qf3 Rfc8 21.Be3 Qb7 22.Bf4 c5 23.Nc6 Ra8
24.d5 exd5 25.cxd5 Bf8 26.Rab1 Qd7 27.Bxh6 Nxd5 28.Ne5 Qe6 29.Rxd5 f6 30.Nd7 gxh6
31.Rb6 Qe1+ 32.Kh2 Ra7 33.Nxf6+ Kh8 34.Qg4  1-0

[Event "Budapest FS02 GM"]
[Site "Budapest"]
[Date "1995.??.??"]
[Round "2"]
[White "Dao Thien Hai"]
[Black "Varga, Zoltan"]
[Result "1-0"]
[WhiteElo "2480"]
[BlackElo "2460"]

1.d4 d5 2.c4 c6 3.Nf3 Nf6 4.Nc3 a6 5.Ne5 g6 6.cxd5 cxd5 7.Bg5 Bg7 8.Qb3 Nc6
9.Rd1 Na5 10.Qa3 O-O 11.e3 h6 12.Bh4 g5 13.Bg3 Bf5 14.b4 Nc6 15.Nxc6 bxc6
16.Be2 a5 17.b5 cxb5 18.Nxb5 Qd7 19.O-O Rfc8 20.Rc1 Ne4 21.Rxc8+ Rxc8 22.Qxa5 Rc2
23.Re1 Nxg3 24.hxg3 e6 25.Bf1 Bf8 26.Ra1 Qc6 27.Qe1 Rb2 28.Qc3 Qxc3 29.Nxc3 Bb4
30.Nb5 Ba5 31.a4 Bc2 32.Nd6 Kf8 33.Bb5 Ke7 34.Nc8+ Kd8 35.Na7 Kc7 36.Be8 f6
37.Nc6 Bc3 38.a5 Rb1+ 39.Rxb1 Bxb1 40.a6 e5 41.a7 Kb7 42.Bf7 Ba2 43.dxe5 fxe5
44.e4 Bb3 45.Bxd5 Ba4 46.Nxe5+ Kxa7 47.Nf7 Bg7 48.Nd6 Kb6 49.Nf5 Bf8 50.Be6 Kc5
51.Kh2 Bc6 52.f3 g4 53.Kg1 gxf3 54.gxf3 Be8 55.Kf2 Bg6 56.Ke3 Bxf5 57.Bxf5 Bg7
58.f4 Bd4+ 59.Kf3 Bc3 60.Bg6 Kd6 61.e5+ Ke6 62.Ke4 Be1 63.g4 Bg3 64.f5+ Ke7
65.Kd5 Bh4 66.f6+ Bxf6 67.exf6+ Kxf6 68.Bh5  1-0

[Event "Budapest FS08 GM"]
[Site "Budapest"]
[Date "1995.??.??"]
[Round "2"]
[White "Lukacs, Peter"]
[Black "Acs, Peter"]
[Result "1-0"]
[WhiteElo "2480"]
[BlackElo "2370"]

1.d4 d5 2.c4 c6 3.Nf3 Nf6 4.Nc3 a6 5.a4 e6 6.Bg5 h6 7.Bxf6 Qxf6 8.e3 Nd7
9.Bd3 Bb4 10.O-O O-O 11.e4 Bxc3 12.bxc3 dxe4 13.Bxe4 e5 14.Re1 Rd8 15.Qb3 exd4
16.cxd4 Nf8 17.d5 Bf5 18.Bxf5 Qxf5 19.Rad1 cxd5 20.cxd5 Rd7 21.Rd4 Rad8 22.Red1 Ng6
23.d6 Nf4 24.Qe3 Ne6 25.Rd5 Qc2 26.g3 Qxa4 27.Ne5 Qb4 28.Nxd7 Rxd7 29.f4 b6
30.f5 Nc5 31.f6 Qe4 32.Qd2 gxf6 33.Qxh6 Qg6 34.Qf4 Ne6 35.Qa4 b5 36.Qxa6 Qe4
37.Qxb5 Qe3+ 38.Kg2 Qe4+ 39.Kf2 Ng5 40.Rxg5+ fxg5 41.Qxg5+ Kf8 42.Qh6+ Kg8
43.Qe3 Qf5+ 44.Kg1 Kg7 45.Qd4+ Kg8 46.Re1 Rd8 47.Re4 f6 48.Rg4+ Kf8 49.Rf4 Qb1+
50.Rf1  1-0

[Event "HUN-ch Super"]
[Site "Budapest"]
[Date "1995.??.??"]
[Round "4"]
[White "Horvath, Csaba"]
[Black "Kallai, Gabor"]
[Result "1/2-1/2"]
[WhiteElo "2530"]
[BlackElo "2490"]

1.d4 d5 2.c4 c6 3.Nf3 Nf6 4.Nc3 a6 5.Ne5 e6 6.g3 Nbd7 7.Bg2 Nxe5 8.dxe5 Nd7
9.cxd5 cxd5 10.e4 d4 11.Qxd4 Bc5 12.Qd1 Nxe5 13.Qxd8+ Kxd8 14.Ke2  1/2-1/2

[Event "Budapest FS05 GM"]
[Site "Budapest"]
[Date "1995.??.??"]
[Round "4"]
[White "Lukacs, Peter"]
[Black "Rogozenko, Dorin"]
[Result "1/2-1/2"]
[WhiteElo "2490"]
[BlackElo "2440"]

1.d4 d5 2.c4 c6 3.Nf3 Nf6 4.Nc3 a6 5.Ne5 b5 6.cxd5 cxd5 7.Bf4 e6 8.e3 Nbd7
9.Bd3 Nxe5 10.Bxe5 Bd6 11.O-O Bb7 12.a4 b4 13.Bxd6 Qxd6 14.Na2 O-O 15.a5 Rfb8  1/2-1/2

[Event "Budapest FS11 IM-B"]
[Site "Budapest"]
[Date "1995.??.??"]
[Round "4"]
[White "Dobos, Jozsef"]
[Black "Svobodova, Michaela"]
[Result "1/2-1/2"]
[WhiteElo "2350"]
[BlackElo "2155"]

1.d4 d5 2.c4 c6 3.Nf3 Nf6 4.Nc3 a6 5.a4 e6 6.e3 c5 7.cxd5 exd5 8.Be2 Nc6
9.O-O Bd6 10.dxc5 Bxc5 11.b3 O-O 12.Ba3 Bxa3 13.Rxa3 Be6 14.Nd4 Qb6 15.Nxc6 bxc6
16.a5 Qb4 17.Qc1 Rfc8 18.Na2 Qd6 19.b4 c5 20.bxc5 Rxc5 21.Qd1 Rb8 22.Nc3 Rbc8
23.Qa1 Qc6 24.Nd1 Ne4 25.Qd4 Rc2 26.Bd3 Rd2 27.Qa1 Bf5 28.Bxe4  1/2-1/2

[Event "Budapest FS09 IM-A"]
[Site "Budapest"]
[Date "1995.??.??"]
[Round "5"]
[White "Borocz, Istvan"]
[Black "Kecskes, Gabor"]
[Result "1-0"]
[WhiteElo "2410"]
[BlackElo "2280"]

1.d4 d5 2.c4 c6 3.Nf3 Nf6 4.Nc3 a6 5.a4 g6 6.Bf4 Bg7 7.h3 O-O 8.e3 Qa5 9.Be2 c5
10.O-O cxd4 11.exd4 dxc4 12.Ne5 Be6 13.Nxc4 Bxc4 14.Bxc4 Nc6 15.d5 Rad8 16.Qb3 Nb4
17.Rfd1 Rd7 18.Bd2 Qc5 19.Be3 Qa5 20.Rac1 Rfd8 21.d6 Rxd6 22.Bxf7+ Kf8 23.Rxd6 Rxd6
24.Bc4 Nfd5 25.Nxd5 Nxd5 26.Qxb7 Nxe3 27.fxe3 Bf6 28.Qc8+ Rd8 29.Qe6 Kg7
30.b3 Qg5 31.Rf1 Kh6 32.Qe4 Qg3 33.Qf4+ Qxf4 34.exf4 a5 35.Kf2 Rd2+ 36.Kf3  1-0

[Event "HUN-ch (Women)"]
[Site "Budapest"]
[Date "1995.??.??"]
[Round "5"]
[White "Horvath, Julia"]
[Black "Kiss, Fernanda"]
[Result "1-0"]
[WhiteElo "2270"]
[BlackElo "2170"]

1.d4 d5 2.Nf3 c6 3.c4 Nf6 4.Nc3 a6 5.a4 Bf5 6.e3 e6 7.Bd3 Bxd3 8.Qxd3 Bd6
9.O-O Nbd7 10.cxd5 cxd5 11.e4 dxe4 12.Nxe4 Be7 13.Bf4 O-O 14.Rac1 Nd5 15.Bd2 N7f6
16.Nc5 Qb6 17.a5 Qa7 18.Ng5 Rfd8 19.Qe2 h6 20.Nge4 Rac8 21.Nxf6+ Nxf6 22.Nxe6 Rxc1
23.Rxc1 fxe6 24.Qxe6+ Kf8 25.Rc7 Nd5 26.Bb4 Qxd4 27.Bxe7+ Nxe7 28.Qxe7+ Kg8
29.h3 Rf8 30.Qe2 Qd5 31.b4 Qd8 32.Qe7 Qd4 33.Qc5 Qd1+ 34.Kh2 Qd2 35.Qc3 Qf4+
36.Qg3 Qxb4 37.Qxg7+  1-0

[Event "Budapest FS08 IM-B"]
[Site "Budapest"]
[Date "1995.??.??"]
[Round "8"]
[White "Kahn, Evarth"]
[Black "Dolgener, Tobias"]
[Result "0-1"]
[WhiteElo "2350"]
[BlackElo "2260"]

1.d4 d5 2.c4 c6 3.Nf3 Nf6 4.Nc3 a6 5.Qb3 b5 6.cxd5 cxd5 7.a4 bxa4 8.Nxa4 Nbd7
9.Bf4 e6 10.Rc1 Qa5+ 11.Nc3 Be7 12.h3 O-O 13.e3 Ra7 14.Bd3 Rb7 15.Qc2 Rb4
16.O-O Bb7 17.Ne5 h6 18.Ra1 Qb6 19.Na4 Qd8 20.Nc6 Bxc6 21.Qxc6 Nb6 22.Bc7 Qd7
23.Qxd7 Nfxd7 24.Nxb6 Nxb6 25.Rxa6 Na4 26.Rb1 Nxb2 27.Bf1 Rc8 28.Ra7 Nc4
29.Rba1 Bd6 30.Ra8 Rxa8 31.Rxa8+ Kh7 32.Bd3+ g6 33.Bd8 Kg7 34.g4 Nd2 35.Kg2 Rb3
36.Be2 Rb2 37.Bd3 Rb3 38.h4 Rxd3 39.g5 hxg5 40.hxg5 Ne4 41.f3 Rd2+ 42.Kh3 Rh2+
43.Kg4 Nf2+  0-1

[Event "Budapest FS08 IM-B"]
[Site "Budapest"]
[Date "1995.??.??"]
[Round "8"]
[White "Czebe, Attila"]
[Black "Kecskes, Gabor"]
[Result "1/2-1/2"]
[WhiteElo "2340"]
[BlackElo "2280"]

1.d4 d5 2.c4 c6 3.Nf3 Nf6 4.Nc3 a6 5.c5 Nbd7 6.g3 g6 7.Bg2 Bg7 8.O-O O-O
9.b4 Ne8 10.Bf4 Nc7 11.Qd2  1/2-1/2

[Event "HUN-ch (Women)"]
[Site "Budapest"]
[Date "1995.??.??"]
[Round "9"]
[White "Csonkics, Tunde"]
[Black "Kiss, Fernanda"]
[Result "1-0"]
[WhiteElo "2280"]
[BlackElo "2170"]

1.d4 d5 2.c4 c6 3.Nf3 Nf6 4.Nc3 a6 5.cxd5 cxd5 6.Bf4 Nc6 7.Ne5 Qb6 8.Nxc6 bxc6
9.a3 Bf5 10.Na4 Qb7 11.e3 e6 12.Be2 Be7 13.Rc1 O-O 14.O-O Rfc8 15.Rc3 Nd7
16.b4 a5 17.Nc5 Qa7 18.Bd3 Bxd3 19.Qxd3 Nb8 20.Rfc1 axb4 21.axb4 Qb6 22.Rb3 Na6
23.h3 h6 24.Be5 Bd8 25.Qd1 Bc7 26.f4 Qb5 27.Rcb1 Rab8 28.Qg4 Bxe5 29.Nxa6 Qxa6
30.fxe5 Qc4 31.Qh4 Rb7 32.Qe1 Qc2 33.Rc3 Qe4 34.Rb2 Rcc7 35.Qc1 Rb5 36.Kh2 Rcb7
37.Rcb3 R7b6 38.Qc3 g5 39.Rf2 h5 40.Rbb2 Kg7 41.Rf1 h4 42.Qa3 Rb8 43.Rf3 R8b7
44.Qc3 Qg6 45.Qxc6 g4 46.hxg4 Qxg4 47.Qe8 Qg6 48.Qd8 Rxb4 49.Rxb4 Rxb4 50.Qxh4 Rb8
51.Rg3 Rh8 52.Rxg6+ fxg6 53.Qxh8+ Kxh8 54.Kg3 Kg7 55.Kf4 Kf7 56.Kg5  1-0

[Event "Budapest FS02 IM-A"]
[Site "Budapest"]
[Date "1995.??.??"]
[Round "11"]
[White "Lavrov, Andrey"]
[Black "Svobodova, Michaela"]
[Result "1-0"]
[WhiteElo "2385"]
[BlackElo "2120"]

1.d4 d5 2.c4 c6 3.Nf3 Nf6 4.Nc3 a6 5.Ne5 e6 6.Bf4 Be7 7.e3 O-O 8.Bd3 Nbd7
9.O-O dxc4 10.Nxc4 c5 11.a4 b6 12.Qf3 Ra7 13.Rfd1 Bb7 14.Qh3 cxd4 15.exd4 g6
16.Ne5 Nd5 17.Bh6 Re8 18.f4 Nxc3 19.bxc3 Bf6 20.Rf1 Qe7 21.Rae1 Bg7 22.Bxg7 Kxg7
23.f5 exf5 24.Nxg6 Qxe1 25.Rxe1 Rxe1+ 26.Kf2 fxg6 27.Kxe1 Nf6 28.Qg3 Bc6
29.Kf1 Ne4 30.Qe5+ Kh6 31.Qb8 Ra8 32.Qxb6 Bxa4 33.Qb7 Rf8 34.Qxa6 Be8 35.c4 Bf7
36.Bxe4 fxe4 37.Ke2 Be8 38.Qd6 Kg7 39.d5 Bf7 40.c5 Ra8 41.c6 Ra2+ 42.Ke3  1-0

[Event "CAN-ch"]
[Site "CAN"]
[Date "1995.??.??"]
[Round "8"]
[White "Stone, Raymond"]
[Black "Livshits, Ron"]
[Result "0-1"]
[WhiteElo "2340"]
[BlackElo "2350"]

1.d4 d5 2.c4 c6 3.Nc3 Nf6 4.Nf3 a6 5.Ne5 Nbd7 6.e3 e6 7.Nxd7 Bxd7 8.Bd3 dxc4
9.Bxc4 Bd6 10.e4 e5 11.O-O b5 12.Bb3 O-O 13.Bg5 h6 14.Bh4 Bg4 15.Qxg4 Nxg4
16.Bxd8 Rfxd8 17.d5 c5 18.a4 c4 19.Bd1 Nf6 20.axb5 axb5 21.Rxa8 Rxa8 22.Nxb5 Bc5
23.Nc3 Rb8 24.Bf3 Bd4 25.Nd1 Ne8 26.g3 Nd6 27.Kg2 g6 28.Re1 Bxb2 29.Re2 Bd4
30.Rc2 c3 31.Rxc3 Bxc3 32.Nxc3 Rc8 33.Nd1 Rc4 34.Ne3 Rd4 35.Ng4 f5 36.exf5 e4
37.Ne5  0-1

[Event "Cannes op"]
[Site "Cannes"]
[Date "1995.??.??"]
[Round "2"]
[White "Sulipa, Aleksandar"]
[Black "Guido, Flavio"]
[Result "1-0"]
[WhiteElo "2430"]
[BlackElo "2330"]

1.d4 d5 2.c4 c6 3.Nf3 Nf6 4.Nc3 a6 5.c5 Nbd7 6.Bf4 g6 7.h3 Bg7 8.e3 O-O 9.Bd3 Ne8
10.O-O Nc7 11.Rc1 Re8 12.Bg5 h6 13.Bh4 g5 14.Bg3 e5 15.Nxe5 Nxe5 16.dxe5 Bxe5
17.f4 gxf4 18.Bxf4 Bxf4 19.Rxf4 Rxe3 20.Qh5 Qf8 21.Bh7+ Kg7 22.Rcf1 Be6 23.Rf6 Kxh7
24.Rxf7+ Qg7 25.Rxg7+ Kxg7 26.Qh4 Kg8 27.Rf6 Re8 28.Rg6+  1-0

[Event "Cannes op"]
[Site "Cannes"]
[Date "1995.??.??"]
[Round "4"]
[White "Kinsman, Andrew PH"]
[Black "Guido, Flavio"]
[Result "1-0"]
[WhiteElo "2355"]
[BlackElo "2330"]

1.d4 d5 2.c4 c6 3.Nc3 Nf6 4.Nf3 a6 5.Bg5 dxc4 6.a4 Nd5 7.e4 Nxc3 8.bxc3 b5
9.d5 Bb7 10.axb5 cxb5 11.Rb1 Nd7 12.Bxc4 h6 13.Be3 Qc7 14.Ba2 Qxc3+ 15.Nd2 g6
16.Rc1 Qa5 17.Bd4 Nf6 18.O-O Bg7 19.Nb3 Qd8 20.Nc5 Bc8 21.e5 Nxd5 22.e6 f6
23.Qf3 Nb4 24.Qxa8 O-O 25.Nd7 Nxa2 26.Bb6 Qe8 27.Nxf8 Nxc1 28.Rxc1  1-0

[Event "Cannes op"]
[Site "Cannes"]
[Date "1995.??.??"]
[Round "5"]
[White "Alawieh, Amine"]
[Black "Guido, Flavio"]
[Result "1-0"]
[WhiteElo "2315"]
[BlackElo "2330"]

1.d4 d5 2.Nf3 Nf6 3.c4 c6 4.Nc3 a6 5.e3 b5 6.b3 Bg4 7.Be2 e6 8.O-O Nbd7 9.Qc2 Be7
10.Bb2 O-O 11.Rfd1 Bd6 12.h3 Bh5 13.c5 Bc7 14.b4 Qe7 15.Re1 a5 16.a3 Ra7
17.e4 dxe4 18.Nxe4 Nd5 19.Qb3 Rfa8 20.Nc3 axb4 21.axb4 Rxa1 22.Bxa1 Nf4 23.Qc2 Nxe2+
24.Qxe2 Qf6 25.g4 Bg6 26.d5 Rxa1 27.Rxa1 cxd5 28.Ra8+ Nf8 29.Nxb5 Bf4 30.c6 Be4
31.c7 Bxc7 32.Nxc7 Bxf3 33.Qb5 Qe7 34.Qc5 Qxc5 35.bxc5 d4 36.Rd8 e5 37.Nd5 f6
38.c6 d3 39.c7 d2 40.Ne3  1-0

[Event "Cannes Martinez op"]
[Site "Cannes"]
[Date "1995.??.??"]
[Round "6"]
[White "De Lagontrie, Jean"]
[Black "Ribreau, Herve"]
[Result "0-1"]
[WhiteElo "2085"]
[BlackElo "2195"]

1.d4 d5 2.c4 c6 3.Nf3 Nf6 4.Nc3 a6 5.cxd5 cxd5 6.Bf4 e6 7.e3 Be7 8.Bd3 O-O
9.O-O b5 10.Qe2 Bb7 11.Rfc1 Nc6 12.h3 Qd7 13.Nxb5 axb5 14.Bxb5 Bd6 15.Be5 Rfc8
16.a4 Qe7 17.Bxc6 Bxc6 18.Bxd6 Qxd6 19.b3 Bb7 20.Qb2 Nd7 21.Rxc8+ Bxc8 22.b4 Nb6
23.a5 Nc4 24.Qc3 Ba6 25.Rb1 Bb5 26.Ne1 Qa6 27.Nd3 Na3 28.Qxa3 Bxd3 29.Rc1 Bc4
30.e4 dxe4 31.Qe3 f5 32.Qg5 Qc6 33.h4 Qd5 34.Qe3 Bd3 35.Rc5 Qb3 36.Qc1 Qxb4
37.Rc8+ Rxc8 38.Qxc8+ Kf7 39.Qc7+ Qe7 40.Qb6 f4 41.a6 e3 42.fxe3 fxe3 43.Qb7 e2
44.Kf2 Bc4 45.g3 Bd5 46.Qb8 Qf6+ 47.Kxe2 Qf3+ 48.Kd2 Qf2+ 49.Kd3 Qf1+ 50.Kd2 Qxa6
51.Qc7+ Kg6 52.h5+ Kxh5 53.Qxg7 Qa2+ 54.Ke3 Qa3+ 55.Kf4 Qc1+  0-1

[Event "Cappelle op"]
[Site "Cappelle la Grande"]
[Date "1995.??.??"]
[Round "7"]
[White "Belov, Igor"]
[Black "Burmakin, Vladimir"]
[Result "1/2-1/2"]
[WhiteElo "2430"]
[BlackElo "2555"]

1.Nf3 d5 2.d4 c6 3.c4 Nf6 4.Nc3 a6 5.e3 b5 6.b3 Bg4 7.Be2 e6 8.O-O Nbd7 9.h3 Bh5
10.Bb2 Bd6 11.Ne5 Bxe2 12.Nxe2 Rc8 13.Nf4 O-O 14.Rc1 Ne4 15.Qc2 Nxe5 16.dxe5 Be7
17.Rfd1 bxc4 18.bxc4 Rb8 19.Bd4 Ba3 20.Rb1 Qa5 21.Rb3 Qa4 22.Qb1 Rbc8 23.f3 Nc5
24.cxd5 cxd5 25.Rc3 Rb8 26.Qc2 Qxc2 27.Rxc2 Na4 28.Rd3 Be7 29.Rc7  1/2-1/2

[Event "Ceske Budejovice op"]
[Site "Ceske Budejovice"]
[Date "1995.??.??"]
[Round "2"]
[White "Haba, Petr"]
[Black "Serdt, Simon"]
[Result "1-0"]
[WhiteElo "2410"]
[BlackElo "2205"]

1.d4 d5 2.c4 c6 3.Nf3 Nf6 4.Nc3 a6 5.e3 b5 6.b3 Bg4 7.Be2 e6 8.O-O Nbd7 9.h3 Bh5
10.Bb2 Be7 11.cxd5 cxd5 12.Ne5 Bxe2 13.Nxe2 Nxe5 14.dxe5 Nd7 15.Rc1 O-O 16.Rc6 Qb8
17.Qd4 Rc8 18.Rfc1 Rxc6 19.Rxc6 Qb7 20.Qc3 Bd8 21.Qc1 Nb6 22.Nd4 Rc8 23.Ba3 Rxc6
24.Nxc6 Bc7 25.Ne7+ Kh8 26.Bd6 Na8 27.Qc5 Bb6 28.Qb4 Nc7 29.Qf4 Qb8 30.Qxf7 Qe8
31.Qf4 h6 32.h4 Na8 33.h5 Bd8 34.Ng6+ Kg8 35.Qg4 Qf7 36.Nf4 Nc7 37.Qg6 Qf5
38.Bxc7 Bxc7 39.Nxe6 Qxg6 40.hxg6 Bxe5 41.Kf1  1-0

[Event "Ceske Budejovice op"]
[Site "Ceske Budejovice"]
[Date "1995.??.??"]
[Round "6"]
[White "Pribyl, Martin"]
[Black "Serdt, Simon"]
[Result "1/2-1/2"]
[WhiteElo "2390"]
[BlackElo "2205"]

1.d4 d5 2.c4 c6 3.Nc3 Nf6 4.Nf3 a6 5.c5 Nbd7 6.Bf4 g6 7.e3 Bg7 8.Be2 O-O
9.h3 Ne4 10.Nxe4 dxe4 11.Nd2 e5 12.dxe5 Nxc5 13.O-O Qe7 14.Qc2 Bxe5 15.Bxe5 Qxe5
16.b4 Nd3 17.Bxd3 exd3 18.Qxd3 Be6 19.Nf3 Qb5 20.Qc3 a5 21.a3 axb4 22.axb4 Qc4
23.Qxc4 Bxc4 24.Rfc1 Bd5 25.Nd4 Rxa1 26.Rxa1 Rc8 27.Ra5 b6 28.Ra6 c5 29.bxc5 bxc5
30.Rd6 cxd4  1/2-1/2

[Event "Sommerskak"]
[Site "Copenhagen"]
[Date "1995.??.??"]
[Round "4"]
[White "Volke, Karsten"]
[Black "Schandorff, Lars"]
[Result "1/2-1/2"]
[WhiteElo "2450"]
[BlackElo "2490"]

1.d4 d5 2.c4 c6 3.Nc3 Nf6 4.Nf3 a6 5.Ne5 Nbd7 6.cxd5 Nxe5 7.dxe5 Nxd5 8.Bd2 e6
9.e4 Nxc3 10.Bxc3 Qxd1+ 11.Rxd1 b6 12.Bd3 Bb7 13.f4 c5 14.O-O O-O-O 15.a4 g6
16.Kf2 Be7 17.Ke3 Rd7  1/2-1/2

[Event "Copenhagen op17"]
[Site "Copenhagen"]
[Date "1995.??.??"]
[Round "8"]
[White "Henrichsen, Jens"]
[Black "Schneider, Stefan"]
[Result "0-1"]
[WhiteElo "2135"]
[BlackElo "2210"]

1.d4 d5 2.c4 c6 3.Nf3 Nf6 4.Nc3 a6 5.Qb3 e6 6.e3 Nbd7 7.Bd3 dxc4 8.Bxc4 b5
9.Be2 c5 10.O-O Bb7 11.Rd1 Rc8 12.dxc5 Bxc5 13.a3 O-O 14.Bd2 Qb6 15.Rac1 Rfd8
16.Be1 Bf8 17.Qa2 Nc5 18.Nd4 Nfe4 19.Nxe4 Nxe4 20.Qb1 Rxc1 21.Rxc1 Bc5 22.Nc2 Nd2
23.Bxd2 Rxd2 24.Bf1 Be4 25.b4 Be7 26.f3 Bxc2 27.Rxc2 Qxe3+ 28.Kh1 Rxc2 29.Qxc2 Qxa3
30.Qc8+ Bf8 31.h3 g6 32.Kh2 Qa1 33.Bd3 Kg7 34.Qb7 Bd6+ 35.g3 Qb2+ 36.Kg1 Bxg3
37.Qxa6 Qf2+  0-1